000 00341nam a22000977a 4500
005 20250901165259.0
008 210304b ||||| |||| 00| 0 eng d
050 _aQC174.17.S9
245 _aSupersymmetry
_b proceedings of the Third Symposium on Theoretical Physics, Mt. Sorak, July 30-August 3, 1984
942 _2lcc
_hQC174.17.S9 .
999 _c1495
_d1495